000 00574nam a2200181Ia 4500
008 100920s9999 xx 000 0 und d
082 _b93417
_a--- न 05
100 _aहरकारे अरुण.
245 _aकोण आहे माझं.
260 _bपायल पब्लिकेशन, पुणे.
_c2005
300 _a191
_bसाधी
365 _b170
520 _aकादंबरी.
630 _aकोण आहे माझं.
650 _aकादंबरी.
730 _aकोण आहे माझं.
942 _cBOOK
999 _c733860
_d733857